Statystyki dla FC Barcelona, jesień 2019/2020

Kliknij tutaj aby rozwiązać quiz!

Ogólne statystyki

  • Ten quiz został rozwiązany 623 razy
    (488 od ostatniego zresetowania)
  • Średni wynik to 17 z 22

Statystyki odpowiedzi

PozycjaImię i Nazwisko% Poprawnych
BramkarzMarc-Andre ter Stegen
100%
NapastnikLionel Messi
99%
ObrońcaGerard Pique
98%
NapastnikLuis Suarez
97%
ObrońcaJordi Alba
97%
ObrońcaSamuel Umtiti
94%
ObrońcaClement Lenglet
92%
PomocnikSergio Busquets
90%
BramkarzNeto
87%
ObrońcaNelson Semedo
87%
ObrońcaSergi Roberto
87%
NapastnikAntoine Griezmann
85%
NapastnikOusmane Dembele
83%
PomocnikIvan Rakitić
82%
PomocnikFrenkie de Jong
80%
PomocnikArturo Vidal
78%
PomocnikArthur
73%
ObrońcaJunior Firpo
64%
ObrońcaJean-Clair Todibo
52%
PomocnikCarles Alena
51%
ObrońcaMoussa Wague
25%
PomocnikRafinha
20%

Rozkład punktacji

Percentyl według liczby udzielonych odpowiedzi

Procent ludzi z każdym wynikiem

Twoja historia wyników

Nie rozwiązałeś tego quizu od ostatniego zresetowania